000 00612nam a22002537a 4500
003 OSt
005 20140310181704.0
008 121120t xxu||||| |||| 00| 0 eng d
020 _a070097002249
050 _aPZ 7
_b.D548 1983
082 _aKF Il6d
_b1983
100 _aDickens, Charles
_93381
245 _aA Tale of Two Cities
_cby Charles Dickens
260 _aNew York:
_bWaldman,
_c1983
300 _g238 p. :
_a14 cm.
521 _aFaculty.
541 _j1
541 _j2
541 _j3
541 _j4
541 _j5
562 _e5
942 _2lcc
_cBK-KF
_kKF
999 _c1269
_d1269